Statistics for NBA teams

Click here to take the quiz!

General Stats

  • This quiz has been taken 263 times
  • The average score is 24 of 30

Answer Stats

Answer% Correct
lakers
98%
warriors
94%
bucks
91%
bulls
91%
celtics
90%
kings
88%
nets
87%
heat
85%
suns
85%
clippers
84%
rockets
84%
76ers
82%
mavericks
82%
grizzlies
81%
cavaliers
79%
hawks
79%
knicks
79%
magic
78%
pistons
78%
raptors
78%
spurs
78%
thunder
78%
wizards
77%
nuggets
76%
pacers
75%
trail blazers
74%
timberwolves
73%
hornets
72%
jazz
72%
pelicans
72%

Score Distribution

Percentile by Number Answered

Percent of People with Each Score

Your Score History

You have not taken this quiz